Movies Quiz

Random Movies or Alphabet Quiz

Actors & Actresses by Movie: 'M' Quiz Stats

 Plays Quiz Updated Aug 8, 2017

Support Sporcle.
Go Orange.
Score 0/20 Timer 05:00
14 Plays Today
% Correct
Mike Myers - Wayne's World
93.2%
Bill Murray - Groundhog Day
93.2%
Eddie Murphy - Beverly Hills Cop
92.7%
Ian McKellen - The Lord of the Rings
92.5%
Helen Mirren - The Queen
91.6%
Eva Mendes - Hitch
89.5%
Hattie McDaniel - Gone with the Wind
87.8%
Julianne Moore - The Lost World: Jurassic Park
86.7%
Marilyn Monroe - Some Like It Hot
85.6%
Ewan McGregor - Trainspotting
85.4%
% Correct
Steve Martin - ¡Three Amigos!
81.8%
Matthew McConaughey - Interstellar
81.5%
Ray Milland - Dial M for Murder
76.3%
Steve McQueen - The Great Escape
74.4%
Lee Marvin - The Dirty Dozen
72.9%
David Morse - The Green Mile
72.3%
Dean Martin - Ocean's Eleven
71.7%
Kate Mulgrew - Star Trek: Nemesis
66.2%
John Malkovich - Empire of the Sun
65.7%
Shirley MacLaine - The Apartment
59%

From the Vault

Remove Ads.
Support Sporcle.
Get the best of Sporcle when you Go Orange. This ad-free experience offers more features, more stats, and more fun while also helping to support Sporcle. Thank you for becoming a member.

Show Comments

Extras

Top Quizzes Today


Score Distribution

Your Account Isn't Verified!

In order to create a playlist on Sporcle, you need to verify the email address you used during registration. Go to your Sporcle Settings to finish the process.

Report this User

Report this user for behavior that violates our Community Guidelines.

Details: